000
00321 a2200145 4500
001
62643
020
_a
9788535620535
040
_c
Anchieta - Pituba
240
1
0
_a
Iniciação à eucaristia
_l
por
245
1
0
_a
Iniciação à eucaristia
300
_a
115
362
0
_a
2011
650
4
_a
Salvação, graça
942
_c
BK
999
_c
62643
_d
62643